000 00421nam a2200157Ia 4500
005 20250403161543.0
008 231217s9999 xx 000 0 und d
020 _a9788131412596
082 _a621.47 HUS;1 R
100 _aHussain, Azmal ed.
245 0 _aRenewable energy : global perspectives
260 _c2008
_bICFAI Press
_aHyderabad
300 _avii, 197
650 _aRenewable,energy,global
942 _cAA
999 _c191157
_d191157